000 01117nam a2200301 a 4500
001 31419
003 BD-RjUL
005 20211209051711.0
008 140415s1989 ii bf b 001 0 eng
035 _a(BD-RjUL)31506
040 _aDLC
_cDLC
_dBD-RjUL
_beng
041 1 _aeng
_hger
082 0 0 _a266.2541
_220
_bBEE 1989
100 1 _aBecker, C.
_997500
245 1 0 _aEarly history of the Catholic missions in northeast India, 1598-1890 / /
_cC. Becker, translated & edited by F. Leicht, S. Karotemprel ; with an introduction by J.B. Bhattacharjee.
250 _a1st ed.
260 _aCalcutta :
_bFirma KLM, under the auspices of Vendrame Institute, Sacred Heart College, Shillong,
_c1989.
300 _axix, 251 p. :
_bill. ;
_c22 cm.
504 _aInclude bibliography and index.
610 2 0 _aCatholic Church
_zIndia
_zAssam
_995596
651 0 _aAssam (India)
_xChurch history.
_995597
700 1 _aLeicht, F.
_q(Franz)
_995598
700 1 _aKarotemprel, S.
_q(Sebastian)
_995599
700 1 _aBhattacharjee, J.B.
_etr.
_997501
942 _2ddc
_cBK
999 _c31419
_d31419